Normal view
MARC view
- Batchelor, A. W.
Entry Personal Name
001 - CONTROL NUMBER
- control field: 81180
003 - CONTROL NUMBER IDENTIFIER
- control field: NUST
005 - DATE AND TIME OF LATEST TRANSACTION
- control field: 20210804104107.0
008 - FIXED-LENGTH DATA ELEMENTS
- fixed length control field: 210804|| aca||aabn | a|a d
040 ## - CATALOGING SOURCE
- Original cataloging agency: NUST
- Transcribing agency: NUST
100 ## - HEADING--PERSONAL NAME
- Personal name: Batchelor, A. W.
- Fuller form of name: (Andrew W.)
670 ## - SOURCE DATA FOUND
- Source citation: Work cat.: (NUST)31722: Stachowiak, G. W. (Gwidon W.) 81179, Engineering tribology /, 2001
